Sunny makes a splash / (Record no. 9802)

MARC details
000 -LEADER
fixed length control field 01275nam a22002897a 4500
001 - CONTROL NUMBER
control field 9802
003 - CONTROL NUMBER IDENTIFIER
control field FISKH
005 - DATE AND TIME OF LATEST TRANSACTION
control field 20260305151113.0
008 - FIXED-LENGTH DATA ELEMENTS--GENERAL INFORMATION
fixed length control field 260226b cb ||||| |||| 00| 0 eng d
020 ## - INTERNATIONAL STANDARD BOOK NUMBER
International Standard Book Number 9781338233179
040 ## - CATALOGING SOURCE
Original cataloging agency FISKH
Language of cataloging eng
Transcribing agency FISKH
Modifying agency FISKH
050 ## - LIBRARY OF CONGRESS CALL NUMBER
Classification number NC1429 .H7548
082 ## - DEWEY DECIMAL CLASSIFICATION NUMBER
Classification number 741.5
100 ## - MAIN ENTRY--PERSONAL NAME
Personal name Holm, Jennifer L.
Relator term Author
245 ## - TITLE STATEMENT
Title Sunny makes a splash /
Statement of responsibility, etc. Jennifer L. Holm & Matthew Holm with color by Lark Pien
260 ## - PUBLICATION, DISTRIBUTION, ETC.
Place of publication, distribution, etc. New York :
Name of publisher, distributor, etc. Scholastic ,
Date of publication, distribution, etc. 2021
300 ## - PHYSICAL DESCRIPTION
Extent 218 pages :
Other physical details color illustrations ;
Dimensions 21 cm
490 ## - SERIES STATEMENT
Series statement Sunny Lewin
Volume/sequential designation 4
505 ## - FORMATTED CONTENTS NOTE
Formatted contents note J<br/>
520 ## - SUMMARY, ETC.
Summary, etc. It's summer and Sunny is bored. Most of her friends are out of town. Her mom wants her to babysit way more than Sunny wants to babysit. There's nothing good on TV. The only cool place that's cool is the community pool. Sunny loves going there - and loves it even more when she's offered a job at the snack shack. Soon she's flinging fries and serving frozen ice cream treats - with the assistance of the very sweet boy who works with her. Life is best when it's free swim.
521 8# - TARGET AUDIENCE NOTE
Target audience note 500<br/>
Source Lexile GN<br/>
521 8# - TARGET AUDIENCE NOTE
Target audience note J<br/>
Source Raz-Plus<br/>
650 ## - SUBJECT ADDED ENTRY--TOPICAL TERM
Topical term or geographic name entry element Graphic novel
Form subdivision Children
700 ## - ADDED ENTRY--PERSONAL NAME
Personal name Pien, Lark
Relator term Illustrator
942 ## - ADDED ENTRY ELEMENTS (KOHA)
Source of classification or shelving scheme Dewey Decimal Classification
Koha item type Books
Suppress in OPAC No
Holdings
Withdrawn status Lost status Source of classification or shelving scheme Damaged status Not for loan Collection Home library Current library Shelving location Date acquired Total Checkouts Full call number Barcode Date last seen Date last checked out Copy number Price effective from Koha item type
    Dewey Decimal Classification     Juvenile Fiction Footprints International School Library Network Toul Tom Poung Campus Footprints International School Library Network Toul Tom Poung Campus TTP Primary Dark Blue Bookshelves 02/26/2026 3 HOL 741.5 NC1429 .H7548 2026-0274 03/05/2026 03/04/2026 1 02/26/2026 Books